Novohradský Reflex regionálny týždenník

Bibliographic Details
Other Authors: Suráková, Zita (Publishing director)
Format: Newspaper
Language:Slovak
PhysicalDescription:4 zv. 30 cm
Published: Lučenec Pegass 1999-2002
Subjects:

MARC

LEADER 00000cas a2200000 a 4500
001 vtls008881047
003 SK-MaSNL
005 20260228162113.0
008 150504c19992002xo wr|n 0 0 b0slo
035 |a (SVKBB03)vtls000048133 
040 |a SVKBB  |b slo  |c SVKBB  |d SNK  |e AACR2 
041 0 |a slo 
043 |a e-xo--- 
044 |a xo  |c SK 
072 7 |a 316.7  |x Sociológia kultúry. Kultúrny život  |2 konspekt 
072 7 |a 394  |x Verejný a spoločenský život. Každodenný život  |2 konspekt 
072 7 |a 070  |x Noviny. Tlač. Žurnalistika  |2 konspekt 
080 |a 070.48  |2 2001 
080 |a (437.6)  |2 2001 
080 |a 316.7  |2 2001 
080 |a 394  |2 2001 
245 0 0 |a Novohradský Reflex  |b regionálny týždenník 
260 |a Lučenec  |b Pegass  |c 1999-2002 
300 |a 4 zv.  |c 30 cm 
310 |a 1x týždenne 
362 0 |a Roč. 1, č. 1 (13. sept. 1999)-roč. 4, č. 30 (22. júl 2002) 
500 |a Reg. číslo: KÚ RT 3/99 
500 |a Šéfred.: Zita Suráková 
650 0 7 |a sociológia kultúry  |2 SNKPH  |9 888 
650 0 7 |a každodenný život  |2 SNKPH  |9 4946 
650 0 7 |a Sociology of culture  |2 SNKPHeng  |9 270370 
650 0 7 |a Everyday life  |2 SNKPHeng  |9 265105 
650 0 7 |a noviny  |2 SNKPH  |9 1420 
650 0 7 |a Newspaper  |2 SNKPHeng  |9 266694 
651 7 |a Lučenec (Slovensko)  |2 SNKPH  |9 29545 
651 7 |a Lučenec (Slovakia)  |2 SNKPHeng  |9 170665 
655 7 |a regionálne periodiká  |2 SNKPH  |9 131775 
655 7 |a regional periodicals  |2 SNKPHeng  |9 267143 
700 1 |a Suráková, Zita  |4 pbd  |9 270371 
910 |a snk 
916 |a 1999-2002 
958 |a OND 
999 |c 6819  |d 8749 
952 |0 0  |1 0  |4 0  |7 0  |a SNK  |b SNK  |d 2006-11-29  |i snkČSP 1777/2004  |l 0  |o snkČSB 4431/2/2000 D1  |p 17A0490883  |r 2026-02-21 20:04:54  |t č. 1-51, neúplné  |w 2026-02-21  |y PREZ  |z chýba č. 30 
952 |0 0  |1 0  |3 rekatalogizácia  |4 0  |7 0  |a SNK  |b SNK  |d 2006-01-19  |i snkČSP 1779/2004  |l 0  |o snkČSB 4431/3/2001 D1  |p 17A0495306  |r 2026-02-21 20:57:10  |t č. 1-50, neúplné  |w 2026-02-21  |y PREZ  |z chýba č. 9,20,32,49 
952 |0 0  |1 0  |4 0  |7 0  |a SNK  |b SNK  |d 2015-04-09  |f 1  |i snkČSP 1774/2004  |l 0  |o snkČSB 4431/1/1999   |p 17A0857863  |r 2026-02-21 21:16:13  |t č. 1-15  |w 2026-02-21  |y PREZ 
952 |0 0  |1 0  |4 0  |7 0  |a SNK  |b SNK  |d 2015-04-09  |f 1  |i snkČSP 1776/2004  |l 0  |o snkČSB 4431/2/2000   |p 17A0857817  |r 2026-02-21 21:16:13  |t č. 1-51, neúplné  |w 2026-02-21  |y PREZ  |z chýba č. 30 
952 |0 0  |1 0  |4 0  |7 0  |a SNK  |b SNK  |d 2015-04-09  |f 1  |i snkČSP 1778/2004  |l 0  |o snkČSB 4431/3/2001   |p 17A0961338  |r 2026-02-21 21:16:13  |t č. 1-50, neúplné  |w 2026-02-21  |y PREZ  |z chýba č. 9,20,32,49 
952 |0 0  |1 0  |4 0  |7 0  |8 0  |a SNK  |b SNK  |d 2015-04-09  |f 1  |i snk2015/12003  |l 0  |o snkČSB 4431/4/2002   |p 17A1143161  |r 2026-02-21 21:16:13  |t č. 1-30  |w 2026-02-21  |y PREZ 
952 |0 0  |1 0  |3 Rekatalogizácia  |4 0  |7 0  |a SNK  |b SNK  |d 2005-02-28  |i snkČSP 1775/2004  |l 0  |o snkČSB 4431/1/1999 D1  |p 17A0459445  |r 2026-02-21 21:20:39  |t č. 1-15  |w 2026-02-21  |y PREZ